| 000 | 00643nam a2200193Ia 4500 | ||
|---|---|---|---|
| 008 | 150610s9999 xx 000 0 und d | ||
| 020 | _a9780375841699 | ||
| 050 |
_aPZ7 _b.S3527 L59 2008 |
||
| 100 | _aSchmidt, Gary D. | ||
| 245 |
_aLizzie Bright and the Buckminster boy / _cGary D. Schmidt. |
||
| 260 |
_aNew York : _bLaurel-Leaf, _c2008. |
||
| 300 |
_a219pages ; _c18 cm. |
||
| 504 | _aOriginally published: New York : Houghton Mifflin, 2004. | ||
| 520 | _aFiction. | ||
| 650 |
_aClergy _bFiction. |
||
| 650 |
_aMaine-History-20th century _bFiction. |
||
| 650 |
_aMoving, household _xFiction. |
||
| 650 |
_aRace relations _xFiction. |
||
| 999 |
_c287933 _d287933 |
||